Détritus / (Notice n° 43413)

Détails MARC
000 -LEADER
fixed length control field 01381cam a2200421 i 4500
001 - CONTROL NUMBER
control field 0008068148
003 - CONTROL NUMBER IDENTIFIER
control field OSt
005 - DATE AND TIME OF LATEST TRANSACTION
control field 20260408020005.0
007 - PHYSICAL DESCRIPTION FIXED FIELD--GENERAL INFORMATION
fixed length control field t
008 - FIXED-LENGTH DATA ELEMENTS--GENERAL INFORMATION
fixed length control field 260210s2026 quc 000 f fre
009 - PHYSICAL DESCRIPTION FIXED-FIELD FOR ARCHIVAL COLLECTION (VM) [OBSOLETE]
fixed length control field 3
020 ## - INTERNATIONAL STANDARD BOOK NUMBER
International Standard Book Number 9782897140847
035 ## - SYSTEM CONTROL NUMBER
System control number (OCoLC)1548588443
035 ## - SYSTEM CONTROL NUMBER
System control number (BAnQ)0008068148
040 ## - CATALOGING SOURCE
Original cataloging agency QMBN
Language of cataloging fre
Description conventions rda
Transcribing agency QMBN
Modifying agency SQTD
050 #4 - LIBRARY OF CONGRESS CALL NUMBER
Classification number PS9626*
082 04 - DEWEY DECIMAL CLASSIFICATION NUMBER
Classification number MUI
082 04 - DEWEY DECIMAL CLASSIFICATION NUMBER
Classification number C843/.92 M953d
Edition number 23/fre/202602
082 04 - DEWEY DECIMAL CLASSIFICATION NUMBER
Classification number C843/.6 M953d
Edition number 23/fre/202602
082 04 - DEWEY DECIMAL CLASSIFICATION NUMBER
Classification number 843/.92 M953d
Edition number 23/fre/202602
100 1# - MAIN ENTRY--PERSONAL NAME
Personal name Muir, Mathieu,
Dates associated with a name 1980-
Relator term auteur
9 (RLIN) 1241350ad
Field link and sequence number 1240734ad
245 10 - TITLE STATEMENT
Title Détritus /
Statement of responsibility, etc Mathieu Muir
300 ## - PHYSICAL DESCRIPTION
Extent 221 pages ;
Dimensions 21 cm
490 0# - SERIES STATEMENT
Series statement Dystopie
500 ## - GENERAL NOTE
General note "Ils voient tout. Même ce que tu caches."--Page de titre
521 ## - TARGET AUDIENCE NOTE
Target audience note Pour les jeunes de 13 ans et plus
650 #6 - SUBJECT ADDED ENTRY--TOPICAL TERM
Topical term or geographic name as entry element Adolescentes
Form subdivision Romans, nouvelles, etc.
650 #6 - SUBJECT ADDED ENTRY--TOPICAL TERM
Topical term or geographic name as entry element Déchets
General subdivision Élimination
Form subdivision Romans, nouvelles, etc.
650 #6 - SUBJECT ADDED ENTRY--TOPICAL TERM
Topical term or geographic name as entry element Ambition
Form subdivision Romans, nouvelles, etc.
650 #6 - SUBJECT ADDED ENTRY--TOPICAL TERM
Topical term or geographic name as entry element Surveillance électronique
Form subdivision Romans, nouvelles, etc.
650 #6 - SUBJECT ADDED ENTRY--TOPICAL TERM
Topical term or geographic name as entry element Manipulation (Psychologie)
Form subdivision Romans, nouvelles, etc.
651 #6 - SUBJECT ADDED ENTRY--GEOGRAPHIC NAME
Geographic name Sherbrooke (Québec)
Form subdivision Romans, nouvelles, etc.
655 #7 - INDEX TERM--GENRE/FORM
Genre/form data or focus term Romans québécois
Chronological subdivision 21e siècle
Source of term local
655 #7 - INDEX TERM--GENRE/FORM
Genre/form data or focus term Romans de science-fiction
Source of term rvmgf
655 #7 - INDEX TERM--GENRE/FORM
Genre/form data or focus term Romans pour adolescents
Source of term local
908 ## - PUT COMMAND PARAMETER (RLIN)
Put command parameter pa
942 ## - ADDED ENTRY ELEMENTS (KOHA)
Source of classification or shelving scheme Dewey Decimal Classification
Koha item type Livre
Koha issues (borrowed), all copies 1
Exemplaires
Withdrawn status Lost status Source of classification or shelving scheme Damaged status Not for loan Home library Current library Date acquired Total Checkouts Full call number Barcode Date last seen Date checked out Price effective from Koha item type
    Dewey Decimal Classification     Main Library Main Library 11/02/2026 1 MUI 208823 28/04/2026 07/04/2026 11/02/2026 Livre